[Event "SLO-chT2 Ost"]
[Site "Slovenia"]
[Date "2021.09.25"]
[Round "4.4"]
[White "Zagorsek, David"]
[Black "Lorger, Rastko"]
[Result "0-1"]
[WhiteElo "2011"]
[BlackElo "1961"]
[PlyCount "100"]
[EventDate "2021.09.11"]
[EventType "team-tourn"]
[EventRounds "9"]
[EventCountry "SLO"]
[SourceTitle "EXT 2024"]
[Source "ChessBase"]
[SourceDate "2023.10.10"]
[SourceVersion "1"]
[SourceVersionDate "2023.10.10"]
[SourceQuality "1"]
[WhiteTeam "Ptuj SD II"]
[BlackTeam "Konjice Slovenske"]
[WhiteTeamCountry "SLO"]
[BlackTeamCountry "SLO"]

1. e4 d6 2. d4 g6 3. f4 Bg7 4. Nf3 c5 5. c3 Qa5 6. Be3 Nf6 7. Nbd2 cxd4 8. Nxd4 0-0 9. Be2 e5 10. Nb5 Ne8 11. fxe5 Bxe5 12. 0-0 a6 13. Nd4 Qc7 14. Nc4 Nc6 15. Nxc6 Qxc6 16. Nxe5 dxe5 17. Qd5 Qxd5 18. exd5 Nd6 19. Bc5 Rd8 20. Bb6 Re8 21. c4 Bd7 22. Rac1 Rac8 23. Rfd1 f5 24. a3 Ba4 25. Rd2 Ne4 26. Rd3 Nc5 27. Bxc5 Rxc5 28. b4 Rc7 29. Rdc3 Kg7 30. c5 Rd8 31. Bc4 Kf6 32. Ba2 e4 33. Kf2 Ke5 34. d6 Rc6 35. g3 Rd7 36. Ke3 g5 37. Kd2 h5 38. Bc4 h4 39. gxh4 g4 40. h3 gxh3 41. Rxh3 Rg7 42. Bf1 f4 43. h5 Rc8 44. h6 e3+ 45. Ke1 Rg1 46. h7 Bb5 47. Kd1 e2+ 48. Kd2 Rxf1 49. h8Q+ Rxh8 50. Rxh8 Rxc1 0-1

[Event "SLO-chT 30th"]
[Site "Gostovanja"]
[Date "2020.10.11"]
[Round "5.3"]
[White "Zagorsek, David"]
[Black "Mohr, Georg"]
[Result "0-1"]
[WhiteElo "2020"]
[BlackElo "2408"]
[PlyCount "66"]
[EventDate "2020.10.02"]
[EventType "team-tourn"]
[EventRounds "5"]
[EventCountry "SLO"]
[SourceTitle "CBM 198 Extra"]
[Source "ChessBase"]
[SourceDate "2020.11.30"]
[SourceVersion "1"]
[SourceVersionDate "2020.11.30"]
[SourceQuality "1"]
[WhiteTeam "Ptuj"]
[BlackTeam "Maribor Poligram"]
[WhiteTeamCountry "SLO"]
[BlackTeamCountry "SLO"]

1. e4 Nf6 2. e5 Nd5 3. c4 Nb6 4. d4 d6 5. exd6 cxd6 6. Nc3 g6 7. Be3 Bg7 8. Rc1 0-0 9. b3 e5 10. dxe5 dxe5 11. Qxd8 Rxd8 12. c5 N6d7 13. Bc4 Nc6 14. Nf3 h6 15. Nd5 Nf8 16. b4 Bg4 17. Nd2 Rab8 18. a3 Be6 19. Nc3 f5 20. f4 Kh7 21. Nb5 a5 22. Nc7 Bxc4 23. Rxc4 Rd7 24. Nb5 axb4 25. axb4 Ra8 26. 0-0 Rd3 27. Kf2 Ra2 28. Ke2 Rb3 29. Nd6 Nxb4 30. fxe5 Ne6 31. g4 Nd5 32. Rf3 f4 33. Rfxf4 Rxe3+ 0-1

[Event "Ptuj op"]
[Site "Ptuj"]
[Date "2018.08.15"]
[Round "9"]
[White "Crepan, Marjan"]
[Black "Zagorsek, David"]
[Result "1/2-1/2"]
[WhiteElo "2298"]
[BlackElo "2106"]
[PlyCount "47"]
[EventDate "2018.08.07"]
[EventType "swiss"]
[EventRounds "9"]
[EventCountry "SLO"]
[SourceTitle "CBM 186 Extra"]
[Source "ChessBase"]
[SourceDate "2018.08.24"]
[SourceVersion "1"]
[SourceVersionDate "2018.08.24"]
[SourceQuality "1"]

1. e4 c5 2. Nf3 d6 3. d4 cxd4 4. Nxd4 Nf6 5. Nc3 a6 6. Be2 e5 7. Nb3 Be7 8. 0-0 0-0 9. f4 b5 10. a3 Bb7 11. Bd3 Qb6+ 12. Kh1 Nbd7 13. Qe1 Rfe8 14. Be3 Qc7 15. fxe5 dxe5 16. Qg3 Rac8 17. Rf5 Kh8 18. Qh3 Qd6 19. Raf1 Qe6 20. Bd2 g6 21. R5f3 Qxh3 22. Rxh3 Kg8 23. Rhf3 Kg7 24. Be1 1/2-1/2

[Event "Ptuj op"]
[Site "Ptuj"]
[Date "2018.08.13"]
[Round "7"]
[White "Zagorsek, David"]
[Black "Nikolic, Stanko"]
[Result "1-0"]
[WhiteElo "2106"]
[BlackElo "1845"]
[PlyCount "79"]
[EventDate "2018.08.07"]
[EventType "swiss"]
[EventRounds "9"]
[EventCountry "SLO"]
[SourceTitle "CBM 186 Extra"]
[Source "ChessBase"]
[SourceDate "2018.08.24"]
[SourceVersion "1"]
[SourceVersionDate "2018.08.24"]
[SourceQuality "1"]

1. e4 c5 2. Nf3 d6 3. d4 cxd4 4. Nxd4 Nf6 5. Nc3 a6 6. g3 e6 7. Bg2 Be7 8. 0-0 0-0 9. a4 Qc7 10. Be3 Nc6 11. Nb3 b6 12. f4 Rb8 13. g4 Bb7 14. g5 Ne8 15. Rf3 g6 16. Rh3 Ng7 17. Qd2 Nb4 18. Rf1 f5 19. gxf6 Bxf6 20. Nd4 Rbc8 21. Rg3 e5 22. fxe5 dxe5 23. Nf3 Rcd8 24. Qf2 Rd6 25. Nxe5 Be7 26. Nf3 Nh5 27. e5 Rc6 28. Rg4 Bc8 29. Rd4 Bc5 30. Rd2 Nf4 31. Bxc5 Rxc5 32. Qh4 Rc4 33. Nd4 Qxe5 34. Nf3 Qe3+ 35. Qf2 Nxg2 36. Kxg2 Qh6 37. Rd4 Bh3+ 38. Kh1 Rxd4 39. Qxd4 Bxf1 40. Ne5 1-0

[Event "SLO-chT U20"]
[Site "Murska Sobota"]
[Date "2017.08.27"]
[Round "3"]
[White "Zagorsek, David"]
[Black "Zidar, Jernej"]
[Result "1-0"]
[WhiteElo "2106"]
[BlackElo "1294"]
[PlyCount "103"]
[EventDate "2017.08.26"]
[EventType "tourn"]
[EventRounds "7"]
[EventCountry "SLO"]
[SourceTitle "EXT 2022"]
[Source "ChessBase"]
[SourceDate "2021.10.06"]
[SourceVersion "1"]
[SourceVersionDate "2021.10.06"]
[SourceQuality "1"]

1. e4 c5 2. Nf3 d6 3. d4 cxd4 4. Nxd4 Nf6 5. Nc3 a6 6. h3 e5 7. Nde2 Be6 8. g4 Be7 9. Bg2 h6 10. Be3 Nbd7 11. Qd2 Rc8 12. 0-0-0 b5 13. f4 Nb6 14. fxe5 Nc4 15. Qd3 Nxe5 16. Qd4 Qa5 17. Kb1 Rc4 18. Qb6 Qxb6 19. Bxb6 Bd7 20. Rd4 b4 21. Nd5 Nxd5 22. exd5 Bb5 23. b3 Rc8 24. Ng3 Bh4 25. Nf5 Be7 26. Nxg7+ Kf8 27. Nf5 Nd7 28. Ba5 Bf6 29. Rf4 Bg5 30. Rf2 Be7 31. Bxb4 Nc5 32. Re1 Ra8 33. Rxe7 a5 34. Bxc5 dxc5 35. c4 Be8 36. d6 Rd8 37. Rc7 a4 38. Rd2 Bd7 39. Bc6 Bxf5+ 40. gxf5 Kg7 41. Bxa4 Rhf8 42. Rxc5 f6 43. Rc7+ Rf7 44. Rxf7+ Kxf7 45. c5 h5 46. c6 Rc8 47. c7 Kf8 48. d7 h4 49. dxc8Q+ Kg7 50. Rg2+ Kf7 51. Qe6+ Kf8 52. Rg8# 1-0

[Event "SLO-chT U20"]
[Site "Murska Sobota"]
[Date "2017.08.26"]
[Round "1"]
[White "Zirkelbach, Maj"]
[Black "Zagorsek, David"]
[Result "1/2-1/2"]
[WhiteElo "2209"]
[BlackElo "2106"]
[PlyCount "93"]
[EventDate "2017.08.26"]
[EventType "tourn"]
[EventRounds "7"]
[EventCountry "SLO"]
[SourceTitle "EXT 2022"]
[Source "ChessBase"]
[SourceDate "2021.10.06"]
[SourceVersion "1"]
[SourceVersionDate "2021.10.06"]
[SourceQuality "1"]

1. d4 Nf6 2. c4 g6 3. Nc3 d5 4. Nf3 Bg7 5. Qb3 dxc4 6. Qxc4 0-0 7. e4 c6 8. Be2 Bg4 9. Bf4 e6 10. 0-0 Nbd7 11. Rad1 Qe7 12. Qb3 b6 13. e5 Nd5 14. Bg5 Qe8 15. Nxd5 cxd5 16. Bb5 h6 17. Bd2 Bxf3 18. Qxf3 Qe7 19. Qb3 Rfd8 20. Bb4 Qh4 21. g3 Qg4 22. Be7 Re8 23. Bd6 Red8 24. Qa4 a6 25. Bxd7 b5 26. Bxb5 axb5 27. Qxb5 Rxa2 28. Ba3 Qf3 29. Rd3 Qe2 30. Qb3 Rc8 31. Qb7 Rc2 32. Qb8+ Kh7 33. Re3 Qd2 34. Rf3 Rc1 35. Rxf7 Raa1 36. Qb7 Rxf1+ 37. Kg2 Rxf2+ 38. Rxf2 Qxd4 39. Bd6 h5 40. Qf7 Qe4+ 41. Qf3 Qd4 42. b4 Rb1 43. Qe2 Rb3 44. Rf4 Qa1 45. Rf2 Qd4 46. Rf4 Qa1 47. Rf2 1/2-1/2

[Event "SLO-chT2 East"]
[Site "Slovenia"]
[Date "2016.10.29"]
[Round "5"]
[White "Zagorsek, David"]
[Black "Sostaric, Denis"]
[Result "1-0"]
[WhiteElo "1945"]
[BlackElo "1798"]
[PlyCount "87"]
[EventDate "2016.09.24"]
[EventType "team-tourn"]
[EventRounds "9"]
[EventCountry "SLO"]
[SourceTitle "EXT 2019"]
[Source "ChessBase"]
[SourceDate "2018.10.10"]
[SourceVersion "1"]
[SourceVersionDate "2018.10.10"]
[SourceQuality "1"]
[WhiteTeam "Ptuj II"]
[BlackTeam "Malecnik"]
[WhiteTeamCountry "SLO"]
[BlackTeamCountry "SLO"]

1. e4 c5 2. Nf3 d6 3. d4 cxd4 4. Nxd4 Nf6 5. Nc3 a6 6. h3 b5 7. g4 Bb7 8. Bg2 e6 9. g5 Nfd7 10. Be3 Ne5 11. 0-0 Nc4 12. Bc1 Be7 13. f4 Nc6 14. b3 Qa5 15. Nce2 Na3 16. c3 Rd8 17. Kh2 Nxd4 18. Nxd4 d5 19. b4 Qc7 20. Bxa3 Qxc3 21. Rf3 Qc7 22. Rc1 Qb8 23. e5 0-0 24. Qd2 Rc8 25. Rfc3 Rxc3 26. Rxc3 a5 27. Rc2 h6 28. g6 Re8 29. gxf7+ Kxf7 30. Bf3 g6 31. Qd3 Rg8 32. Rg2 axb4 33. Bh5 Bg5 34. Bxg6+ Rxg6 35. Bc1 Qc7 36. Bd2 Qb8 37. Nxb5 Kg8 38. Nd6 d4 39. Rg3 Qf8 40. h4 Ba6 41. Qe4 b3 42. axb3 Be2 43. hxg5 d3 44. gxh6 1-0

[Event "SLO-chT2 East"]
[Site "Slovenia"]
[Date "2016.09.24"]
[Round "1"]
[White "Zagorsek, David"]
[Black "Pozun, Matej"]
[Result "1/2-1/2"]
[WhiteElo "1945"]
[BlackElo "2082"]
[PlyCount "80"]
[EventDate "2016.09.24"]
[EventType "team-tourn"]
[EventRounds "9"]
[EventCountry "SLO"]
[SourceTitle "EXT 2019"]
[Source "ChessBase"]
[SourceDate "2018.10.10"]
[SourceVersion "1"]
[SourceVersionDate "2018.10.10"]
[SourceQuality "1"]
[WhiteTeam "Ptuj II"]
[BlackTeam "Krsko Triglav II"]
[WhiteTeamCountry "SLO"]
[BlackTeamCountry "SLO"]

1. e4 c5 2. Nc3 Nc6 3. Nf3 e6 4. d4 cxd4 5. Nxd4 Nf6 6. g3 d6 7. Bg2 Be7 8. 0-0 0-0 9. Be3 a6 10. a4 Qc7 11. f4 Bd7 12. Qe2 Rac8 13. Nb3 Na5 14. Nxa5 Qxa5 15. g4 Bc6 16. g5 Nd7 17. Qh5 f5 18. Bh3 Rce8 19. Rfe1 Bd8 20. exf5 exf5 21. Bf2 g6 22. Qd1 Bb6 23. Qd2 Qb4 24. Bg2 Bxf2+ 25. Qxf2 Qxb2 26. Nd5 Qg7 27. a5 Kh8 28. Nc7 Rxe1+ 29. Rxe1 Nc5 30. Bxc6 bxc6 31. Ne8 Qc3 32. Nxd6 Kg8 33. Kg2 Rd8 34. Rd1 Nb7 35. Rd3 Qb4 36. Nxb7 Rxd3 37. cxd3 Qxb7 38. Qa2+ Kg7 39. Qe6 Qb5 40. Qe7+ Kg8 1/2-1/2

[Event "Pula op 30th"]
[Site "Pula"]
[Date "2016.09.14"]
[Round "6"]
[White "Fucak, Emilijo"]
[Black "Zagorsek, David"]
[Result "1-0"]
[WhiteElo "2208"]
[BlackElo "1945"]
[PlyCount "125"]
[EventDate "2016.09.10"]
[EventType "swiss"]
[EventRounds "9"]
[EventCountry "CRO"]
[SourceTitle "CBM 174 Extra"]
[Source "ChessBase"]
[SourceDate "2016.10.10"]
[SourceVersion "1"]
[SourceVersionDate "2016.10.10"]
[SourceQuality "1"]

1. b3 e5 2. Bb2 Nc6 3. c4 Nf6 4. e3 Bc5 5. a3 d5 6. cxd5 Nxd5 7. Nf3 e4 8. Qc2 Qe7 9. d4 Bd6 10. Nfd2 f5 11. b4 a6 12. Nc4 0-0 13. g3 Be6 14. Nc3 Nxc3 15. Bxc3 Qf7 16. Bd2 Bd5 17. Nxd6 cxd6 18. Qb2 Kh8 19. b5 axb5 20. Bxb5 Rfc8 21. 0-0 g5 22. Rfb1 Ne7 23. Rc1 Qe6 24. Rxc8+ Rxc8 25. Rc1 Kg7 26. Rxc8 Qxc8 27. Bb4 Qc7 28. Qc3 Qxc3 29. Bxc3 Kf6 30. Bd7 Kf7 31. Bb4 Be6 32. Bb5 Nc8 33. h4 g4 34. Kf1 Ke7 35. Ke1 Na7 36. Be2 Kd7 37. Kd2 Nc8 38. Bb5+ Kc7 39. Kc2 Ne7 40. Ba5+ b6 41. Bd2 Nd5 42. Be2 Kb7 43. Kb2 Kc7 44. a4 Kb7 45. Ka3 Kc7 46. Be1 Kb7 47. Bb5 Nc7 48. Be2 Nd5 49. a5 Nc7 50. Bb4 Kc6 51. h5 bxa5 52. Bxa5 Nd5 53. h6 Nf6 54. Bd8 Nd5 55. Bd1 Nc3 56. Bc2 Kb5 57. Bc7 Kc6 58. Ba5 Nd5 59. Ba4+ Kb7 60. Kb2 Nb6 61. Bxb6 Kxb6 62. Be8 Kc7 63. Bg6 1-0

[Event "Pula op 30th"]
[Site "Pula"]
[Date "2016.09.10"]
[Round "1"]
[White "Zagorsek, David"]
[Black "Loncar, Robert"]
[Result "0-1"]
[WhiteElo "1945"]
[BlackElo "2389"]
[PlyCount "54"]
[EventDate "2016.09.10"]
[EventType "swiss"]
[EventRounds "9"]
[EventCountry "CRO"]
[SourceTitle "CBM 174 Extra"]
[Source "ChessBase"]
[SourceDate "2016.10.10"]
[SourceVersion "1"]
[SourceVersionDate "2016.10.10"]
[SourceQuality "1"]

1. e4 e5 2. Nf3 Nc6 3. Bb5 a6 4. Ba4 Nf6 5. 0-0 b5 6. Bb3 Bb7 7. d4 Nxd4 8. Bxf7+ Kxf7 9. Nxe5+ Kg8 10. Qxd4 d6 11. Qc3 Bxe4 12. Nd3 Qd7 13. f3 Bb7 14. a4 c5 15. axb5 axb5 16. Rxa8 Bxa8 17. Bg5 Nd5 18. Qa5 Bc6 19. Nc3 h6 20. Bd2 Nxc3 21. Qxc3 b4 22. Qb3+ Qf7 23. c4 Be7 24. Re1 Bh4 25. Re2 Qg6 26. Nf2 Kh7 27. Qd1 Bxf3 0-1

[Event "SLO-chT2 East"]
[Site "Slovenia"]
[Date "2015.10.10"]
[Round "5"]
[White "Zagorsek, David"]
[Black "Vadlja, Branko"]
[Result "1/2-1/2"]
[WhiteElo "1956"]
[BlackElo "1942"]
[PlyCount "83"]
[EventDate "2015.09.05"]
[EventType "team-tourn"]
[EventRounds "9"]
[EventCountry "SLO"]
[SourceTitle "EXT 2019"]
[Source "ChessBase"]
[SourceDate "2018.10.10"]
[SourceVersion "1"]
[SourceVersionDate "2018.10.10"]
[SourceQuality "1"]
[WhiteTeam "Ptuj II"]
[BlackTeam "Maribor ZSK III"]
[WhiteTeamCountry "SLO"]
[BlackTeamCountry "SLO"]

1. e4 d5 2. exd5 Qxd5 3. Nc3 Qa5 4. Nf3 Bg4 5. Be2 Nf6 6. 0-0 e6 7. d4 c6 8. Ne5 Bxe2 9. Qxe2 Be7 10. Ne4 Nxe4 11. Qxe4 0-0 12. Rd1 Rd8 13. c4 Nd7 14. Bd2 Qb6 15. Bc3 Nf6 16. Qe2 c5 17. dxc5 Bxc5 18. a3 Qb3 19. Rd3 Rxd3 20. Qxd3 Qb6 21. Qe2 Rd8 22. h3 Bd4 23. Rc1 Qb3 24. Bxd4 Rxd4 25. Kh2 h6 26. f3 Qb6 27. Rc3 Nd7 28. Nxd7 Rxd7 29. Qe3 Qxe3 30. Rxe3 Rc7 31. Rc3 Kf8 32. Kg3 Ke7 33. Kf4 Kd6 34. Ke4 f5+ 35. Kd4 e5+ 36. Ke3 b6 37. b4 g6 38. Rd3+ Ke6 39. Rc3 Kd6 40. Rd3+ Ke7 41. Rc3 Kd6 42. Rd3+ 1/2-1/2

[Event "SLO-chT2 East"]
[Site "Slovenia"]
[Date "2015.09.19"]
[Round "3"]
[White "Zagorsek, David"]
[Black "Turicnik, Vlado"]
[Result "1/2-1/2"]
[WhiteElo "1956"]
[BlackElo "2012"]
[PlyCount "47"]
[EventDate "2015.09.05"]
[EventType "team-tourn"]
[EventRounds "9"]
[EventCountry "SLO"]
[SourceTitle "EXT 2019"]
[Source "ChessBase"]
[SourceDate "2018.10.10"]
[SourceVersion "1"]
[SourceVersionDate "2018.10.10"]
[SourceQuality "1"]
[WhiteTeam "Ptuj II"]
[BlackTeam "Fuzinar Hapro"]
[WhiteTeamCountry "SLO"]
[BlackTeamCountry "SLO"]

1. e4 c5 2. Nf3 Nc6 3. d4 cxd4 4. Nxd4 Nf6 5. Nc3 e5 6. Ndb5 d6 7. Bg5 a6 8. Na3 b5 9. Nd5 Be7 10. Bxf6 Bxf6 11. Be2 0-0 12. 0-0 Bg5 13. c4 b4 14. Nc2 a5 15. Bg4 Bb7 16. Qd3 Ne7 17. Nce3 Bxd5 18. Nxd5 Nc6 19. Kh1 g6 20. Rad1 Bh6 21. Ne3 Nd4 22. Nd5 Nc6 23. Ne3 Nd4 24. Nd5 1/2-1/2

[Event "Ptuj op"]
[Site "Ptuj"]
[Date "2015.08.05"]
[Round "3"]
[White "Zagorsek, David"]
[Black "Acimovic, Vasja"]
[Result "0-1"]
[WhiteElo "1956"]
[BlackElo "1733"]
[PlyCount "64"]
[EventDate "2015.08.03"]
[EventType "swiss"]
[EventRounds "9"]
[EventCountry "SLO"]
[SourceTitle "CBM 167 Extra"]
[Source "ChessBase"]
[SourceDate "2015.09.14"]
[SourceVersion "1"]
[SourceVersionDate "2015.09.14"]
[SourceQuality "1"]

1. e4 c5 2. Nc3 Nc6 3. Bb5 Nd4 4. Bc4 e6 5. Nge2 Nf6 6. d3 d5 7. exd5 exd5 8. Bb3 Nxb3 9. axb3 Be7 10. d4 b6 11. 0-0 0-0 12. Bf4 Bb7 13. Ng3 Bd6 14. Qd2 cxd4 15. Nce2 Ne4 16. Qxd4 Bc5 17. Qe5 Re8 18. Qh5 g6 19. Qg4 Nf6 20. Qf3 Ne4 21. Qd3 Qf6 22. c3 Nxf2 23. Rxf2 Bxf2+ 24. Kxf2 g5 25. Nh5 Qh6 26. g4 gxf4 27. Nexf4 Re5 28. h4 Qd6 29. g5 Re4 30. Kf3 Rxf4+ 31. Nxf4 Re8 32. Rxa7 d4+ 0-1

[Event "Maribor Pirc Memorial op 19th"]
[Site "Maribor"]
[Date "2015.07.02"]
[Round "9"]
[White "Zagorsek, David"]
[Black "Nemec, Hana"]
[Result "1/2-1/2"]
[WhiteElo "1921"]
[BlackElo "1918"]
[PlyCount "111"]
[EventDate "2015.06.25"]
[EventType "swiss"]
[EventRounds "9"]
[EventCountry "SLO"]
[SourceTitle "EXT 2017"]
[Source "ChessBase"]
[SourceDate "2016.10.25"]
[SourceVersion "1"]
[SourceVersionDate "2016.10.25"]
[SourceQuality "1"]

1. e4 e6 2. d4 d5 3. Nc3 dxe4 4. Nxe4 Nd7 5. g3 Ngf6 6. Bg5 h6 7. Bxf6 Nxf6 8. Bg2 Nxe4 9. Bxe4 c5 10. Ne2 Qb6 11. 0-0 Bd7 12. d5 Bd6 13. c4 0-0 14. Qc2 exd5 15. Bxd5 Bc6 16. Rad1 Be5 17. b3 Qc7 18. f4 Bf6 19. Rf3 Bxd5 20. Rxd5 Rad8 21. Rfd3 b6 22. Qd2 Rfe8 23. Kf2 Kf8 24. Rd7 Rxd7 25. Rxd7 Bd4+ 26. Rxd4 cxd4 27. Nxd4 Qd6 28. Nf3 Qxd2+ 29. Nxd2 Re6 30. b4 Ke7 31. Kf3 Re1 32. c5 bxc5 33. bxc5 a5 34. Nc4 Rc1 35. Nxa5 Rxc5 36. Nb3 Rc2 37. h3 Rxa2 38. Nd4 g6 39. Nc6+ Kd6 40. Ne5 Ra3+ 41. Kf2 Ke6 42. Nc4 Rc3 43. Ne3 f6 44. Ke2 Ra3 45. Kf2 f5 46. h4 Rd3 47. Ke2 Rc3 48. Kf2 h5 49. Nd1 Ra3 50. Ne3 Rd3 51. Nc4 Rc3 52. Ne5 Kf6 53. Nd7+ Kg7 54. Ne5 Rc5 55. Ke3 Rd5 56. Kf3 1/2-1/2

[Event "SLO-ch U18"]
[Site "Bled"]
[Date "2015.02.22"]
[Round "2"]
[White "Zagorsek, David"]
[Black "Markoja, Boris"]
[Result "0-1"]
[WhiteElo "1957"]
[BlackElo "2306"]
[PlyCount "52"]
[EventDate "2015.02.21"]
[EventType "tourn"]
[EventRounds "7"]
[EventCountry "SLO"]
[SourceTitle "EXT 2023"]
[Source "ChessBase"]
[SourceDate "2022.10.05"]
[SourceVersion "1"]
[SourceVersionDate "2022.10.05"]
[SourceQuality "1"]

1. e4 g6 2. d4 Bg7 3. Nc3 c6 4. Nf3 d5 5. h3 Nh6 6. Bd3 0-0 7. 0-0 f6 8. Re1 Nf7 9. Rb1 e5 10. dxe5 fxe5 11. exd5 cxd5 12. Nxd5 Qxd5 13. Bxg6 Qxd1 14. Bxf7+ Kxf7 15. Rxd1 Bf5 16. Rd6 Bxc2 17. Ra1 Kg8 18. Bg5 Nc6 19. Rc1 Be4 20. Nd2 Bg6 21. Nb3 Rf7 22. g4 a5 23. a4 Bf8 24. Rd5 Be4 25. Rd2 Bb4 26. Re2 Bd5 0-1

[Event "Ptuj Chess Academy op 1st"]
[Site "Ptuj"]
[Date "2015.01.25"]
[Round "5"]
[White "Zagorsek, David"]
[Black "Polajzer, Danilo"]
[Result "1/2-1/2"]
[WhiteElo "1973"]
[BlackElo "2286"]
[PlyCount "76"]
[EventDate "2015.01.23"]
[EventType "swiss"]
[EventRounds "5"]
[EventCountry "SLO"]
[SourceTitle "CBM 164 Extra"]
[Source "ChessBase"]
[SourceDate "2015.03.02"]
[SourceVersion "1"]
[SourceVersionDate "2015.03.02"]
[SourceQuality "1"]

1. e4 c6 2. Nc3 d6 3. f4 g6 4. d4 Bg7 5. Nf3 Bg4 6. Be3 Qa5 7. h3 Bxf3 8. Qxf3 Nf6 9. Bd3 Na6 10. Bxa6 Qxa6 11. e5 Nd7 12. exd6 exd6 13. Qe4+ Kd8 14. 0-0-0 Re8 15. Qf3 f5 16. Kb1 Nf6 17. d5 c5 18. Rhe1 b5 19. Qf1 Qb7 20. Qxb5 Qxb5 21. Nxb5 Ne4 22. Kc1 Rb8 23. c4 a6 24. Nc3 Bxc3 25. bxc3 Nxc3 26. Rd3 Nxa2+ 27. Kd1 Rb1+ 28. Ke2 Rxe1+ 29. Kxe1 Re4 30. Ra3 Nb4 31. Rc3 Rxe3+ 32. Rxe3 Nc2+ 33. Kd2 Nxe3 34. Kxe3 Ke7 35. h4 h6 36. Kd3 Kd7 37. Kc3 Kc7 38. Kb3 Kb6 1/2-1/2

[Event "Ptuj Chess Academy op 1st"]
[Site "Ptuj"]
[Date "2015.01.24"]
[Round "2"]
[White "Bratkovic, Jakob"]
[Black "Zagorsek, David"]
[Result "1/2-1/2"]
[WhiteElo "2171"]
[BlackElo "1973"]
[PlyCount "56"]
[EventDate "2015.01.23"]
[EventType "swiss"]
[EventRounds "5"]
[EventCountry "SLO"]
[SourceTitle "CBM 164 Extra"]
[Source "ChessBase"]
[SourceDate "2015.03.02"]
[SourceVersion "1"]
[SourceVersionDate "2015.03.02"]
[SourceQuality "1"]

1. e4 e5 2. Nf3 Nf6 3. Nxe5 d6 4. Nf3 Nxe4 5. d4 d5 6. Bd3 Nc6 7. 0-0 Be7 8. c4 Nb4 9. cxd5 Nxd3 10. Qxd3 Qxd5 11. Re1 Bf5 12. Nc3 Nxc3 13. Qxc3 Be6 14. Re5 Qd7 15. d5 Bxd5 16. Rxe7+ Qxe7 17. Bg5 f6 18. Re1 Be6 19. Nd4 0-0-0 20. Nxe6 fxg5 21. Nxd8 Qxd8 22. Qxg7 Re8 23. Rc1 Re7 24. Qc3 c6 25. h3 Qd5 26. Qa3 Qd2 27. Rxc6+ bxc6 28. Qxe7 Qc1+ 1/2-1/2